000 00294nam a2200133Ia 4500
008 150201s2009 xx 000 0 und d
082 _a611
_bA09P
100 _aPANDA,UN
245 _aHB OF ANATOMY
250 _a2ND
260 _bAITBS
_aDELHI
_c2009
650 _aHUMAN ANATOMY
942 _2ddc
_cBK
999 _c734
_d734